00585nam a22001817a 450000500170000001000150001702000260003203500140005803700130007208200120008510000290009724500770012626000430020327000960024630000200034270000240036270000170038620220908154619.0 aENG-134982 a9789387871120c150.00 aEN-118514 bDBAD/PUB a621.395 aDhanaselvam, P. Suveetha aVlsi Design/cP. Suveetha Dhanaselvam, A. Babu Karupplah and R. Rajaraja aTamil NadubShanlax Publicationsc2018 a61, 66 T.P.K. Main Road, Vasantha NagarbMaduraie625003mpublisher@shanlaxpublications.com a99p.c22cm(pbk) aKaruppiah, A. Babu  aRajaraja, R.